| 000 | 00800nam a2200253Ia 4500 | ||
|---|---|---|---|
| 008 | 100315s9999 xx 000 0 und d | ||
| 020 | _a81-7029-689-7 | ||
| 040 | _cENGLISH | ||
| 082 |
_b3250 _a005.3 |
||
| 100 | _a"TAXALI , R . K . " | ||
| 245 | _aFOXPRO 2.5 MADE SIMPLE FOR DOS & WINDOWS . | ||
| 250 | _a1st | ||
| 260 |
_aNew Delhi _bB.P.B PUBLICATIONS _c1996 |
||
| 300 | _a"XXIV,592P " | ||
| 365 |
_eRupees _d1 _b140.25 |
||
| 366 | _f15 | ||
| 505 | _gDBH | ||
| 530 |
_bLAXMI BOOK DEPOT 848/23-01-1999 _a848/23-01-1999 |
||
| 620 | _a"UES OF FOX PRO,COMMAND & FUNCTION SUMMARY ETC., " | ||
| 630 | _aFOXPRO 2.5 MADE SIMPLE FOR DOS & WINDOWS . | ||
| 650 | _aSoftware Package | ||
| 730 | _aFOXPRO 2.5 MADE SIMPLE FOR DOS & WINDOWS . | ||
| 942 | _cBOOK | ||
| 999 |
_c477985 _d477982 |
||